Central Library OPAC University of Rajshahi

Demographic genetics / (Record no. 35449)

MARC details
000 -LEADER
fixed length control field 01026nam a2200313 i 4500
001 - CONTROL NUMBER
control field 35449
003 - CONTROL NUMBER IDENTIFIER
rucl marc code BD-RjUL
005 - DATE AND TIME OF LATEST TRANSACTION
control field 20211209052325.0
008 - FIXED-LENGTH DATA ELEMENTS--GENERAL INFORMATION
fixed length control field 140525s1975 pau b 001 0 eng d
020 ## - INTERNATIONAL STANDARD BOOK NUMBER
International Standard Book Number 0470926988
035 ## - SYSTEM CONTROL NUMBER
System control number (BD-RjUL)35543
040 ## - CATALOGING SOURCE
Original cataloging agency DLC
Transcribing agency DLC
Modifying agency DLC
-- BD-RjUL
Language of cataloging eng
041 ## - LANGUAGE CODE
Language code of text/sound track or separate title eng
060 ## - NATIONAL LIBRARY OF MEDICINE CALL NUMBER
Classification number W1 BE516 v. 3
-- QH455 D383
082 00 - DEWEY DECIMAL CLASSIFICATION NUMBER
Classification number 576.58
Edition number 22
Author mark and year DEM 1975
245 00 - TITLE STATEMENT
Title Demographic genetics /
Statement of responsibility, etc. edited by Kenneth M. Weiss and Paul A. Ballonoff.
260 ## - PUBLICATION, DISTRIBUTION, ETC. (IMPRINT)
Place of publication, distribution, etc. Stroudsburg, Pa. :
Name of publisher, distributor, etc. Dowden, Hutchinson & Ross ;
Place of publication, distribution, etc. [New York] :
Name of publisher, distributor, etc. distributed by Halsted Press,
Date of publication, distribution, etc. c1975.
300 ## - PHYSICAL DESCRIPTION
Pagination xv, 414 p. :
Illustrations ill ;
Size 26 cm.
490 0# - SERIES STATEMENT
Series statement Benchmark papers in genetics ; v. 3
504 ## - BIBLIOGRAPHY, ETC. NOTE
Bibliography, etc Bibliography: [397]-405. and Index
650 #0 - SUBJECT ADDED ENTRY--TOPICAL TERM
Topical term or geographic name as entry element Human population genetics.
9 (RLIN) 36282
Topical term or geographic name as entry element Demography.
9 (RLIN) 107927
Topical term or geographic name as entry element Genetics, Population.
9 (RLIN) 36361
700 1# - ADDED ENTRY--PERSONAL NAME
Personal name Weiss, Kenneth M.
Personal name Ballonoff, Paul A.
942 ## - ADDED ENTRY ELEMENTS (KOHA)
Source of classification or shelving scheme Dewey Decimal Classification
Koha item type Books
Holdings
Lost status Source of classification or shelving scheme Damaged status Not for loan Collection code Permanent Location Current Location Shelving location Date acquired Source of acquisition Cost, normal purchase price Total Checkouts Full call number Date last seen Copy number Koha item type
  Dewey Decimal Classification     Non-fiction Central Library, University of Rajshahi Central Library, University of Rajshahi   21/05/1985 Topon and Co. 61.50   576.58 DEM 1975 25/05/2014 C-3 Books